Engineering surveying / (Record no. 10282)

MARC details
000 -LEADER
fixed length control field 01260cam a2200325 i 4500
001 - CONTROL NUMBER
control field 14514067
003 - CONTROL NUMBER IDENTIFIER
control field EG-ScBUE
005 - DATE AND TIME OF LATEST TRANSACTION
control field 20250109094623.0
008 - FIXED-LENGTH DATA ELEMENTS--GENERAL INFORMATION
fixed length control field 060823s2007 ne a f 001 0 eng d
020 ## - INTERNATIONAL STANDARD BOOK NUMBER
International Standard Book Number 0750669497 (pbk.)
020 ## - INTERNATIONAL STANDARD BOOK NUMBER
International Standard Book Number 9780750669498 (pbk.)
040 ## - CATALOGING SOURCE
Original cataloging agency DLC
Language of cataloging eng
Description conventions rda
Transcribing agency DLC
Modifying agency DLC
-- EG-ScBUE
082 04 - DEWEY DECIMAL CLASSIFICATION NUMBER
Edition number 22
Classification number 526.902462
Item number SCH
100 1# - MAIN ENTRY--PERSONAL NAME
Personal name Schofield, W.
Fuller form of name (Wilfred)
Relator term author.
9 (RLIN) 12253
245 10 - TITLE STATEMENT
Title Engineering surveying /
Statement of responsibility, etc W. Schofield, former principle lecturer, Kingston University, M. Breach, principal lecturer, Nottingham Trent University.
250 ## - EDITION STATEMENT
Edition statement Sixth edition.
264 ## - PUBLICATION, DISTRIBUTION, ETC. (IMPRINT)
Place of publication, distribution, etc Amstedam ;
-- Boston :
Name of publisher, distributor, etc Elsevier/Butterworth-Heinemann,
Date of publication, distribution, etc 2007.
300 ## - PHYSICAL DESCRIPTION
Extent vi, 622 pages :
Other physical details illustrations ;
Dimensions 25 cm
336 ## - CONTENT TYPE
Source rdacontent
Content type term text
Content type code txt
337 ## - MEDIA TYPE
Media type term unmediated
Source rdamedia
Media type code n
338 ## - CARRIER TYPE
Carrier type term volume
Carrier type code nc
Source rdacarrier
500 ## - GENERAL NOTE
General note Includes index.
650 #7 - SUBJECT ADDED ENTRY--TOPICAL TERM
Topical term or geographic name as entry element Surveying.
Source of heading or term BUEsh
9 (RLIN) 12254
655 ## - INDEX TERM--GENRE/FORM
Form subdivision Reading book
700 1# - ADDED ENTRY--PERSONAL NAME
Personal name Breach, M.
Fuller form of name (Mark)
Relator term author.
9 (RLIN) 12255
856 42 - ELECTRONIC LOCATION AND ACCESS
Materials specified Publisher description
Uniform Resource Identifier <a href="http://www.loc.gov/catdir/enhancements/fy0729/2006933363-d.html">http://www.loc.gov/catdir/enhancements/fy0729/2006933363-d.html</a>
906 ## - LOCAL DATA ELEMENT F, LDF (RLIN)
a 7
b cbc
c orignew
d 2
e epcn
f 20
g y-gencatlg
942 ## - ADDED ENTRY ELEMENTS (KOHA)
Source of classification or shelving scheme Dewey Decimal Classification
Koha item type Book - Borrowing
Holdings
Withdrawn status Lost status Source of classification or shelving scheme Damaged status Not for loan Collection code Home library Current library Shelving location Date acquired Source of acquisition Total Checkouts Full call number Barcode Date last seen Price effective from Koha item type Total Renewals Date checked out
    Dewey Decimal Classification     Baccah Central Library Central Library First floor 11/11/2008 Purchase   526.902462 SCH 000013611 15/07/2025 11/11/2008 Book - Borrowing    
    Dewey Decimal Classification     Baccah Central Library Central Library First floor 11/11/2008 Purchase 1 526.902462 SCH 000013613 15/07/2025 11/11/2008 Book - Borrowing 10 02/12/2014
    Dewey Decimal Classification     Baccah Central Library Central Library First floor 04/03/2010 Purchase   526.902462 SCH 000013616 15/07/2025 04/03/2010 NB - Book (Non borrowing)    
    Dewey Decimal Classification     Baccah Central Library Central Library First floor 04/03/2010 Purchase   526.902462 SCH 000020078 15/07/2025 04/03/2010 Book - Borrowing